| 000 | 00793 a2200205 4500 | ||
|---|---|---|---|
| 008 | 080821t xxu||||| |||| 00| 0 eng d | ||
| 010 | _aENG-85040 | ||
| 020 |
_a8180545229 _c120.00 |
||
| 035 | _aEN-68573 | ||
| 037 | _bD.B.Act / Pub | ||
| 082 | _a338.5 | ||
| 100 | _aDeepashree | ||
| 245 |
_aMicroeconomic theory and applications _cby Deepashree |
||
| 260 |
_aNew Delhi _bSultan Chand and Sons _c2007 (rpr) |
||
| 270 |
_a23, Darya Ganj, _bNew Delhi _cDelhi _e110002 _k23266105 _l23266357 |
||
| 300 |
_avarious pagings _c22 cm (Pbk) |
||
| 650 | _aMicroeconomic theory | ||
| 942 |
_adpl _cEN _k338.5 / DEE _2ddc _h338.5 _mDEE |
||
| 999 |
_c941 _d941 |
||